| 000 | 00909nam a22002417a 4500 | ||
|---|---|---|---|
| 999 |
_c17925 _d17925 |
||
| 003 | AR-CdUCM | ||
| 008 | 190510b ||||| |||| 00| 0 spa d | ||
| 040 |
_aMUNICIPALIDAD PROVINCIAL DEL CUSCO _cBIBLIOTECA MUNICIPAL DEL CUSCO |
||
| 082 |
_a946.08 / _bSO68 |
||
| 100 |
_aSoriano, Rodrigo _938184 |
||
| 245 |
_aEspaña bajo el sable : _bla dictadura (treinta años de combates) / |
||
| 260 |
_aBuenos Aires : _bColección Claridad. |
||
| 300 |
_a218 páginas ; _c19 cm. |
||
| 440 |
_aColección Claridad. _99379 |
||
| 505 | _aContenido: El entierro -- Trompas bélicas -- Doña virtudes don Alfonso -- Rusia y España -- La reina madre -- Don Jaime -- Conejos y reos ... | ||
| 650 |
_aEspaña _9176 |
||
| 650 |
_aHistoria _9136 |
||
| 650 |
_aDictadura, 1923-1930 _938185 |
||
| 650 |
_aPolítica _9291 |
||
| 700 |
_aBarcos, Julio R. (prólogo) _938186 |
||
| 942 |
_2ddc _cLIBROS |
||
| 945 |
_aachl _d2019-05-10 |
||